000
00339nam a2200133Ia 4500
008
240624s9999 xx 000 0 und d
041
_a
eng
082
_a
153.8 DEC
100
_a
DECI EDWARD
245
_a
INTRINSIC MOTIVATION AND SELF DETERMINAT
260
_c
1985
_a
Human Behavior
_b
Springer
300
_a
xvi, 372 p.
365
_c
ERU
_b
30
999
_c
30913
_d
30913